000 00304nam a22001217a 4500
008 180518b xxu||||| |||| 00| 0 eng d
041 _aeng
080 _a043.3
100 _a0
101 _aSHKI-BA
245 _aPermbledhje e Teknologjive per Mbrojtjen e Privatsise Online
_cTahiri, D
942 _2udc
_cBK
999 _c45968
_d45968